IBM SPSS statistics 18 made simple / (Record no. 96)

000 -LEADER
fixed length control field 01515cam a2200301 a 4500
001 - CONTROL NUMBER
control field 16244842
003 - CONTROL NUMBER IDENTIFIER
control field Nust
005 - DATE AND TIME OF LATEST TRANSACTION
control field 20170105095819.0
008 - FIXED-LENGTH DATA ELEMENTS--GENERAL INFORMATION
fixed length control field 100520s2010 enka b 001 0 eng
010 ## - LIBRARY OF CONGRESS CONTROL NUMBER
LC control number 2010021481
020 ## - INTERNATIONAL STANDARD BOOK NUMBER
International Standard Book Number 9781848720473 (pb)
040 ## - CATALOGING SOURCE
Original cataloging agency DLC
Transcribing agency DLC
Modifying agency DLC
042 ## - AUTHENTICATION CODE
Authentication code pcc
050 00 - LIBRARY OF CONGRESS CALL NUMBER
Classification number HA32
Item number .K554 2010
082 00 - DEWEY DECIMAL CLASSIFICATION NUMBER
Classification number 005.5/5
Edition number 22
100 1# - MAIN ENTRY--PERSONAL NAME
Personal name Kinnear, Paul R.
245 10 - TITLE STATEMENT
Title IBM SPSS statistics 18 made simple /
Statement of responsibility, etc. Paul R. Kinnear & Colin D. Gray.
260 ## - PUBLICATION, DISTRIBUTION, ETC.
Place of publication, distribution, etc. Hove, East Sussex ;
-- New York :
Name of publisher, distributor, etc. Psychology Press,
Date of publication, distribution, etc. 2010.
300 ## - PHYSICAL DESCRIPTION
Extent xvi, 655 p. :
Other physical details ill. (some col.) ;
Dimensions 25 cm.
504 ## - BIBLIOGRAPHY, ETC. NOTE
Bibliography, etc. note Includes bibliographical references and index.
505 0# - FORMATTED CONTENTS NOTE
Formatted contents note Getting started with SPSS statistics 18 -- Editing data sets -- Describing and exploring your data -- Graphs and charts -- Comparing averages : two-sample and one-sample tests -- The one-way ANOVA -- Between subjects factorial experiments -- Within subjects -- Experiments -- Mixed factorial experiments -- Measuring statistical association -- Regression -- Analyses of multiway frequency tables -- Discriminant analysis and logistic regression -- The search for latent variables : factor analysis.
630 00 - SUBJECT ADDED ENTRY--UNIFORM TITLE
Uniform title SPSS (Computer file)
650 #0 - SUBJECT ADDED ENTRY--TOPICAL TERM
Topical term or geographic name entry element Social sciences
General subdivision Statistical methods
-- Computer programs.
700 1# - ADDED ENTRY--PERSONAL NAME
Personal name Gray, Colin D.
906 ## - LOCAL DATA ELEMENT F, LDF (RLIN)
a 7
b cbc
c orignew
d 1
e ecip
f 20
g y-gencatlg
942 ## - ADDED ENTRY ELEMENTS (KOHA)
Source of classification or shelving scheme
Koha item type Book
Holdings
Withdrawn status Lost status Source of classification or shelving scheme Damaged status Not for loan Permanent Location Current Location Date acquired Total Checkouts Full call number Barcode Date last seen Price effective from Koha item type Shelving location
          Institute of Environmental Science and Engineering (IESE) Institute of Environmental Science and Engineering (IESE) 12/08/2016   005.5/5 IESE-2985 12/08/2016 12/08/2016 Book  
          NUST Baluchistan Campus (NBC) NUST Baluchistan Campus (NBC) 10/31/2025   510.277 HOE QD-68 10/31/2025 10/31/2025 Book General Stacks
© 2023 Central Library, National University of Sciences and Technology. All Rights Reserved.